000 00369nam a2200133Ia 4500
003 GCL
008 140319s9999 xx 000 0 ara d
040 _aGCL /
_cGCL
082 0 4 _a256
_bا ج
245 1 0 _aالجهاد فى سبيل الله
260 _a[S.N] :
_bالمكتبة القيمة للطباعة والنشر والتوزيع
300 _a56 ص
490 _a
999 _c53423
_d53423